La pandilla del ángel /

Guardado en:
Autor Principal: Cabal, Graciela
Otros Autores: Luján, Rodrigo; il.
Formato: Libro
Publicado: Buenos Aires : Norma, 2014
Series:Torre de Papel. Amarilla
Materias:
Etiquetas: Agregar Etiqueta
Sin Etiquetas, Sea el primero en etiquetar este registro!
LEADER 00835nam a22002535a 4500
001 CEM.cems015255
008 130507s2014##################000#0#####d
005 20221124094320.0
245 1 0 |a La pandilla del ángel /  |c Graciela Cabal ; ilustrado Por Rodrigo Luján 
260 |a Buenos Aires :  |b Norma,  |c 2014 
300 |a 160 p. 
490 0 |a Torre de Papel. Amarilla 
020 |a 9789875456686 
100 1 |a Cabal, Graciela 
700 1 |a Luján, Rodrigo; il. 
082 0 4 |a A863.4 
653 |a Literatura 
653 |a Literatura argentina 
653 |a Literatura infantil 
653 |a Novela 
653 |a Novela infantil 
653 |a Colección ciencias de la educación 
859 |a CEMS  |b BIB. CEMS - Inicial y Primaria  |h A863.4  |i C111-1  |k IP  |p 6322  |t Ej. 1 
859 |a CEMS  |b BIB. CEMS - Ccias. Educacion  |h A863.4  |i C111-1  |k CE  |p 28478.19  |t Ej.1